Catálogo público

Utilización de la homogenización por alta presión para conservar las características típicas del queso panela / (Record no. 209675)

MARC details
000 -CABECERA
campo de control de longitud fija 04155nam a2200481 a 4500
001 - NÚMERO DE CONTROL
campo de control dia_6230
003 - IDENTIFICADOR DEL NÚMERO DE CONTROL
campo de control CHAP
005 - FECHA Y HORA DE LA ÚLTIMA TRANSACCIÓN
campo de control 20240807113104.0
007 - CAMPO FIJO DE DESCRIPCIÓN FÍSICA--INFORMACIÓN GENERAL
campo de control de longitud fija ta
008 - DATOS DE LONGITUD FIJA--INFORMACIÓN GENERAL
campo de control de longitud fija 220601s2016 mx ad frm 001 0 spa d
040 ## - FUENTE DE LA CATALOGACIÓN
Centro catalogador/agencia de origen mxchpua
Centro/agencia transcriptor CHAP
041 0# - CÓDIGO DE LENGUA
Código de lengua del texto/banda sonora o título independiente spa
Código de lengua del sumario o resumen eng
090 ## - LOCALMENTE ASIGNADO TIPO-LC NÚMERO DE CLASIFICACIÓN (OCLC); NÚMERO DE CLASIFICACIÓN LOCAL (RLIN)
Número de clasificación (OCLC) (R) ; Numero de clasificación, CALL (RLIN) (NR) Tesis
Número cutter local (OCLC) ; Número de libro/Signatura topográfica íntegra, CALL (RLIN) C47
año 2016
100 1# - ENTRADA PRINCIPAL--NOMBRE DE PERSONA
Nombre de persona Cervantes Peinado, Gabriela
240 10 - TÍTULO UNIFORME
Título uniforme Nutraceutical and nutritional propierties of four capulin segregants (Prunus serotina), fresh and processed.
Lenguaje de la obra Español
245 10 - MENCIÓN DE TÍTULO
Título Utilización de la homogenización por alta presión para conservar las características típicas del queso panela /
Mención de responsabilidad, etc. Gabriela Cervantes Peinado y Alejandra Ofelia Ramos Cruz
264 ## - PRODUCCIÓN, PUBLICACIÓN, DISTRIBUCIÓN, FABRICACIÓN Y COPYRIGHT
Producción, publicación, distribución, fabricación y copyright Chapingo, México :
Nombre del de productor, editor, distribuidor, fabricante El autor,
Fecha de producción, publicación, distribución, fabricación o copyright 2016
300 ## - DESCRIPCIÓN FÍSICA
Extensión 60 hojas :
Otras características físicas ilustraciones. tablas, gráficas, diagramas +
Material acompañante/anejo 1 CD-ROM
336 ## - TIPO DE CONTENIDO
Fuente rdacontent
Término de tipo de contenido texto
Código de tipo de contenido txt
337 ## - TIPO DE MEDIO
Fuente rdamedia
Nombre/término del tipo de medio no mediado
Código del tipo de medio n
338 ## - TIPO DE SOPORTE
Fuente rdacarrier
Nombre/término del tipo de soporte volumen
Código del tipo de soporte nc
502 ## - NOTA DE TESIS
Nota de tesis Tesis
Tipo de título (Ingeniero Agroindustrial) --
Nombre de la institución que otorga el título UACh. Departamento de Ingeniería Agroindustrial,,
Año de obtención del título 2016
504 ## - NOTA DE BIBLIOGRAFÍA, ETC.
Nota de bibliografía, etc. Bibliografía: hojas 43-47
520 3# - SUMARIO, ETC.
Sumario, etc. En el presente trabajo se aplicó el método de homogenización por alta presión (HAP) como alternativa a la pasteurización convencional para la elaboración de queso panela, conservando así las características de la leche para obtener el sabor original y tradicional de este producto. Se analizó la efectividad del método de homogenización por alta presión (HAP) para reducir la carga microbiana patógena de la leche como lo es mésofilos totales, Salmonella spp, E. Coli y Staphylococcus sp., para garantizar que sea un producto inocuo apto para el consumo humano. Los datos obtenidos de las pruebas microbiológicas se analizaron en el paquete estadístico SAS. Se realizó además una evaluación sensorial utilizando la prueba de diferenciación simple, para determinar si existen diferencias en el sabor de un queso panela elaborado con leche cruda y un queso elaborado con leche tratada con el método de homogenización por alta presión (HAP) con la finalidad de conservar el sabor original de un queso genuino que se elabora con leche que no se trata térmicamente. Además de una prueba de preferencia por pares para conocer cuál de los dos quesos prefería el consumidor
520 3# - SUMARIO, ETC.
Sumario, etc. In the present work, the method of Homogenization with High Pressure (HHP) as an alternative to the convetional pasteurization for the making of panela cheese, maintining the caracteristics of milk to obtain the original and traditional flavor of this product. The method of Homogenization with High Pressure's effectiviteness was analyzed to reduce microbial species from the milk such as mesophilic bacteria, Salmonella spp, E. coli and Staphylococcus sp., to guarantee that this is product suitable for human consumption. The data obtained from the microbiological tests are performed in the SAS statistical package. A sensory evaluation was made using a test of simple diferenciacion to decide if there´s any differences in the taste of the panela cheese made out of raw milk and that which has been made with milk treated with the method of homogenization with high pressure with the goal of keeping the original flavor of a genuine cheese that is made with milk that hasn't be heat threated. Besides a peer preference test to know which of the two cheeses preferred the consumer.
650 13 - PUNTO DE ACCESO ADICIONAL DE MATERIA--TÉRMINO DE MATERIA
Término de materia o nombre geográfico como elemento de entrada Quesos
Fuente del encabezamiento o término atg
650 13 - PUNTO DE ACCESO ADICIONAL DE MATERIA--TÉRMINO DE MATERIA
Término de materia o nombre geográfico como elemento de entrada Homogeneización
Fuente del encabezamiento o término atg
650 13 - PUNTO DE ACCESO ADICIONAL DE MATERIA--TÉRMINO DE MATERIA
Término de materia o nombre geográfico como elemento de entrada Preservación de alimentos
Fuente del encabezamiento o término atg
650 13 - PUNTO DE ACCESO ADICIONAL DE MATERIA--TÉRMINO DE MATERIA
Término de materia o nombre geográfico como elemento de entrada Tratamiento a alta presión
Fuente del encabezamiento o término atg
650 13 - PUNTO DE ACCESO ADICIONAL DE MATERIA--TÉRMINO DE MATERIA
Término de materia o nombre geográfico como elemento de entrada Cheeses
Fuente del encabezamiento o término atg
650 13 - PUNTO DE ACCESO ADICIONAL DE MATERIA--TÉRMINO DE MATERIA
Término de materia o nombre geográfico como elemento de entrada Homogenization
Fuente del encabezamiento o término atg
650 13 - PUNTO DE ACCESO ADICIONAL DE MATERIA--TÉRMINO DE MATERIA
Término de materia o nombre geográfico como elemento de entrada Food preservation
Fuente del encabezamiento o término atg
650 13 - PUNTO DE ACCESO ADICIONAL DE MATERIA--TÉRMINO DE MATERIA
Término de materia o nombre geográfico como elemento de entrada High pressure treatment
Fuente del encabezamiento o término atg
700 1# - PUNTO DE ACCESO ADICIONAL--NOMBRE DE PERSONA
Nombre de persona Ramos Cruz, Alejandra Ofelia
Término indicativo de función/relación autor
700 1# - PUNTO DE ACCESO ADICIONAL--NOMBRE DE PERSONA
Nombre de persona Gómez Cruz, Adalberto
Término indicativo de función/relación director
700 1# - PUNTO DE ACCESO ADICIONAL--NOMBRE DE PERSONA
Nombre de persona Santos Moreno, Armando
Término indicativo de función/relación asesor
700 1# - PUNTO DE ACCESO ADICIONAL--NOMBRE DE PERSONA
Nombre de persona Pérez López, Artemio
Término indicativo de función/relación asesor
856 42 - LOCALIZACIÓN Y ACCESO ELECTRÓNICOS
Identificador Uniforme del Recurso <a href="http://10.13.5.2/tesis/sist112548.pdf">http://10.13.5.2/tesis/sist112548.pdf</a>
Texto de enlace DESCARGAR PDF
901 ## - ELEMENTOS DE DATOS A LOCAL LDA (RLIN)
a TESIS C47 2016
942 ## - ELEMENTOS DE PUNTO DE ACCESO ADICIONAL (KOHA)
Tipo de ítem Koha TESIS
Fuente del sistema de clasificación o colocación Clasificación Universidad Autónoma Chapingo
902 ## - ELEMENTOS DE DATOS B LOCAL, LDB (RLIN)
a M
905 ## - ELEMENTOS DE DATOS E LOCAL, LDE (RLIN)
a 5232272016 mx nml 2223123322spa26
Holdings
Estado de retiro Estado de pérdida Fuente del sistema de clasificación o colocación Estado dañado Restricciones de uso No para préstamo Código de colección Localización permanente Ubicación/localización actual Fecha de adquisición Fuente de adquisición Total de préstamos Signatura topográfica completa Código de barras Fecha visto por última vez Número de copia Precio válido a partir de Tipo de ítem Koha Ubicación en estantería
    Clasificación Universidad Autónoma de Chapingo   Préstamo interno   Tesis Ingenieria Agroindustrial Ingenieria Agroindustrial 01/06/2016 El autor   Tesis C47 2016 1101010319 01/06/2022 Ej.2 01/06/2016 CD  
    Clasificación Universidad Autónoma de Chapingo   Préstamo interno   Tesis Ingenieria Agroindustrial Ingenieria Agroindustrial 01/06/2016 El autor   Tesis C47 2016 1101010318 02/02/2026 Ej.1 01/06/2016 Tesis  
    Clasificación Universidad Autónoma de Chapingo       Tesis digitales de Licenciatura Ingenieria Agroindustrial Ingenieria Agroindustrial 01/06/2016 El autor     1201010318 07/08/2024   07/08/2024 Tesis digital En línea